Hojas (Record no. 74031)

MARC details
000 -LEADER
campo de control de longitud fija 00655nam a2200193 i 4500
001 - NÚMERO DE CONTROL
campo de control 74031
003 - IDENTIFICADOR DE NÚMERO DE CONTROL
campo de control ES-MaACL
005 - FECHA Y HORA DE LA ÚLTIMA TRANSACCIÓN
campo de control 20231227204703.0
007 - CAMPO FIJO DE DESCRIPCIÓN FÍSICA--INFORMACIÓN GENERAL
campo de control de longitud fija t|
008 - DATOS DE LONGITUD FIJA--INFORMACIÓN GENERAL
campo de control de longitud fija 040914s1950 sp ||||1| spa d
100 1# - ENTRADA PRINCIPAL--NOMBRE DE PERSONA
Nombre de persona Marcos González, Luis.
9 (RLIN) 58356
245 10 - MENCIÓN DEL TÍTULO
Título Hojas
Resto del título : poesías /
Mención de responsabilidad, etc. Luis Marcos González ; prólogo de Alfredo Marquerie ; ilustraciones García Hector.
260 ## - PUBLICACIÓN, DISTRIBUCIÓN, ETC.
Lugar de publicación, distribución, etc. [Madrid :
Nombre del editor, distribuidor, etc. s.n.,
Fecha de publicación, distribución, etc. 1950] (
Fabricante Imp. Casado)
300 ## - DESCRIPCIÓN FÍSICA
Extensión 199 p. :
Otras características físicas il. ;
Dimensiones 21 cm.
700 1# - ENTRADA AGREGADA--NOMBRE PERSONAL
Nombre de persona Marquerie, Alfredo,
Fechas asociadas al nombre 1907-1974
9 (RLIN) 76973
700 1# - ENTRADA AGREGADA--NOMBRE PERSONAL
Nombre de persona García Héctor, Juan Manuel.
9 (RLIN) 161221
852 ## - LOCALIZACIÓN
Ubicación ES-MaACL
Número de control de estantería D-6027
Sublocalización o colección R.29773
Holdings
Estatus retirado Estado de pérdida Estado de daño No para préstamo Biblioteca de origen Biblioteca actual Ubicación en estantería Fecha de adquisición Fuente de adquisición Total de préstamos Signatura topográfica completa Código de barras Visto por última vez Precio de reemplazo Tipo de ítem Koha
        Biblioteca del Ateneo de Madrid Biblioteca del Ateneo de Madrid Sala Valle Inclán 17/01/2008     D-6027 901077491 23/02/2023 23/02/2023 Libro impreso